Finanční trhy : funkce, členění, analytické metody, teorie portfolia a kolektivní investování /

Hlavní autor: Krabec, Jaroslav
Jazyk: Čeština
Vydáno: Praha : Bankovní institut vysoká škola, 2004
Vydání: Druhé, upravené a rozšířené vydání
Témata:
Fyzický popis: 147 stran : ilustrace ; 30 cm
Knihy
Uloženo v:
LEADER 01312nam a2200361 i 4500
001 001570024
003 CZ BrMZK
005 20170412070734.0
007 ta
008 170329s2004 xr a e p 000 0 cze
015 |a cnb001969786 
020 |a 80-7265-061-0  |q (brožováno) 
035 |a (OCoLC)798992084 
040 |a BOA001  |b cze  |e rda 
072 7 |a 336.7  |x Finance  |2 Konspekt  |9 4 
072 7 |a 37.016  |x Učební osnovy. Vyučovací předměty. Učebnice  |2 Konspekt  |9 22 
080 |a 336.76  |2 MRF 
080 |a (075.8)  |2 MRF 
100 1 |a Krabec, Jaroslav  |7 xx0007314  |4 aut 
245 1 0 |a Finanční trhy :  |b funkce, členění, analytické metody, teorie portfolia a kolektivní investování /  |c Jaroslav Krabec 
250 |a Druhé, upravené a rozšířené vydání 
264 1 |a Praha :  |b Bankovní institut vysoká škola,  |c 2004 
300 |a 147 stran :  |b ilustrace ;  |c 30 cm 
336 |a text  |b txt  |2 rdacontent 
337 |a bez média  |b n  |2 rdamedia 
338 |a svazek  |b nc  |2 rdacarrier 
504 |a Obsahuje bibliografii 
650 0 7 |a finanční trhy  |7 ph114556  |2 czenas 
655 7 |a učebnice vysokých škol  |7 fd133772  |2 czenas 
910 |a BOA001  |b 4-1385.683 
990 |a BK 
991 |b 201704 
996 6 |b 2610702611  |c 4-1385.683  |l MZK  |r Sklad / do 1 hodiny  |n 5  |p dar  |w 001605846  |u 000010  |a 1  |e BOA001  |j MZK50  |s P